Macroeconomics : principles, problems, and policies /
Đã lưu trong:
| Tác giả chính: | |
|---|---|
| Tác giả khác: | |
| Định dạng: | Sách |
| Ngôn ngữ: | English |
| Được phát hành: |
Boston :
McGraw-Hill/Irwin,
2008.
|
| Phiên bản: | 17th ed. |
| Những chủ đề: | |
| Truy cập trực tuyến: | Table of contents only Publisher description |
| Các nhãn: |
Thêm thẻ
Không có thẻ, Là người đầu tiên thẻ bản ghi này!
|
| Thư viện lưu trữ: | Mạng thư viện Đại học Đà Nẵng |
|---|
| LEADER | 01635nam a22003851a 4500 | ||
|---|---|---|---|
| 001 | 000034739 | ||
| 003 | 10950 | ||
| 005 | 20220527090210.0 | ||
| 008 | 151027s2008 000 eng | ||
| 020 | |a 9780073273082 (alk. paper) | ||
| 020 | |a 0073273082 (alk. paper) | ||
| 040 | |a lnn |c lnn |d lnn | ||
| 082 | 0 | 0 | |a 338.5 |b MC-C |
| 100 | 1 | |a McConnell, Campbell R. | |
| 245 | 1 | 0 | |a Macroeconomics : |b principles, problems, and policies / |c Campbell R. McConnell, Stanley L. Brue. |
| 250 | |a 17th ed. | ||
| 260 | |a Boston : |b McGraw-Hill/Irwin, |c 2008. | ||
| 300 | |a xxvii, 380, [38] p. : |b col. ill. ; |c 26 cm. | ||
| 500 | |a Includes index. | ||
| 500 | |a "Seventeenth edition is accompanied by and integrated with ... DiscoverEcon* with Paul Solman Videos ... which consists of video tutorials by Paul Solman ... interactive exercises, and testing." | ||
| 504 | |a Includes bibliographical references and index. | ||
| 650 | 0 | |a Macroeconomics. | |
| 700 | 1 | |a Brue, Stanley L., |d 1945- | |
| 856 | 4 | 1 | |3 Table of contents only |u http://www.loc.gov/catdir/toc/ecip0618/2006024944.html |
| 856 | 4 | 2 | |3 Publisher description |u http://www.loc.gov/catdir/enhancements/fy0668/2006024944-d.html |
| OWN | |a LNN | ||
| AVA | |a UDN50 |b LNN |c English |d 420.33 MC-C |e available |t Error 5001 Not defined in file expand_doc_bib_avail. |f 4 |g 0 |h N |i 0 |j AN | ||
| 999 | |a From the UDN01 | ||
| AVA | |a UDN50 |b LNN |c English |d 420.33 MC-C |e available |t Error 5001 Not defined in file expand_doc_bib_avail. |f 4 |g 0 |h N |i 0 |j AN | ||
| TYP | |a Monograph | ||
| TYP | |a ON | ||
| 980 | |a Mạng thư viện Đại học Đà Nẵng | ||


